000 00418nam a2200169Ia 4500
003 0STCL
008 150530s9999 xx 000 0 und d
040 _aSTCL
_cSTCL
100 _aSusheela Subrahmanya
245 _aSouthern Economist Vol.46 Nov. 1 2007
260 _bSouthern Economi; Banglore
_c2007
_aBanglore
300 _a0
546 _aEnglish
942 _2ddc
_cBK
999 _c6201
_d6201
005 20220125165428.0